000 00320 a2200157 4500
001 170273
020 _a
040 _cMagnum
100 _aBrezina, Thomas
240 1 0 _aA maldicao das bruxas
_lpor
245 1 0 _aA maldicao das bruxas
362 0 _a1899
440 1 _aÁtica
697 _aJ/SUSPENSE
942 _cBK
999 _c170273
_d170273